000 00524nam a2200181Ia 4500
005 20250508151650.0
008 008 250505s9999 xx 000 0 eng d
037 _aBooks to be hide in OPAC
040 _aFEDL
_beng
_cFEDL
041 _aeng
_2eng
084 _a028.5, BUR
_qFEDL
100 _aBurton Virginia Lee
_9759709
245 0 _aLittle house: Story and pictures
260 _aBoston, USA
_bHoughton Mifflin Company
_c1942
300 _a40p.
942 _cHB
_h028.5, BUR
999 _c1331266
_d1331266